|
|
|
|
| LEADER |
006950000a22002170004500 |
| 020 |
|
|
|a 90-5410-487-2
|
| 082 |
|
|
|a 550.223 P5
|
| 100 |
|
|
|a Bobrowsky, Peter T; Author
|
| 245 |
|
|
|a Geoenvironmental mapping: methods, theory and practice
|
| 250 |
|
|
|
| 260 |
|
|
|a Lisse, A A Balkema Publishers
|e 2001
|
| 260 |
|
|
|c 2005
|
| 460 |
|
|
|a vii,725p
|
| 465 |
|
|
|a RS0.00
|
| 500 |
|
|
|a Includes bibliographical references and index
|
| 500 |
|
|
|a Peter T Bobrowsky
|
| 650 |
|
|
|a Environmental mapping
|
| 650 |
|
|
|a Geological mapping
|
| 942 |
|
|
|c BK
|
| 999 |
|
|
|c 37620
|d 37620
|
| 952 |
|
|
|0 0
|1 0
|4 0
|6 550_223000000000000_P5
|7 0
|8 ENG
|9 38122
|a MGUL
|b MGUL
|d 2013-07-16
|e RS0.00
|l 0
|o 550.223 P5
|p 36907
|r 2013-07-16
|w 2013-07-16
|y BK
|